एहसास का दरिया/ (Record no. 213119)

MARC details
000 -LEADER
fixed length control field 00808nam a22001937a 4500
005 - DATE AND TIME OF LATEST TRANSACTION
control field 20250822144532.0
010 ## - LCCN (DPL NO)
LC control number HIN-130272
020 ## - INTERNATIONAL STANDARD BOOK NUMBER
International Standard Book Number 9788195902798
Terms of availability 200.00
035 ## - SYSTEM CONTROL NUMBER
System control number HN-102618
037 ## - SOURCE OF ACQUISITION
Source of stock number/acquisition वत्सल प्रकशन
082 ## - DEWEY DECIMAL CLASSIFICATION NUMBER
Classification number 821
100 ## - MAIN ENTRY--PERSONAL NAME
Personal name अदीब, ज़ाकिर
245 ## - TITLE STATEMENT
Title एहसास का दरिया/
Statement of responsibility, etc ज़ाकिर अदीब
250 ## - EDITION STATEMENT
Edition statement प्रथम
260 ## - PUBLICATION, DISTRIBUTION, ETC. (IMPRINT)
Place of publication, distribution, etc बीकानेर
Name of publisher, distributor, etc वत्सल प्रकशन
Date of publication, distribution, etc 2023
270 ## - ADDRESS
Address राजकीय नेत्रहीन विद्दालय के पास
City बीकानेर
Postal code 334003
Electronic mail address vatsalprakashan@gmail.com
300 ## - PHYSICAL DESCRIPTION
Extent 80 पृ
Dimensions 22सेमी (सजिल्द)
942 ## - ADDED ENTRY ELEMENTS (KOHA)
Institution code [OBSOLETE] DBAD
Item type Hindi Books
Source of classification or shelving scheme Dewey Decimal Classification
Classification part 821
Call number suffix अदीब
Holdings
Withdrawn status Lost status Not for loan Collection code Home library Current library Date acquired Source of acquisition Cost, normal purchase price Full call number Barcode Copy number Cost, replacement price Koha item type
      Non-fiction Sarojini Nagar Sarojini Nagar 22/08/2025 DBAD 200.00 821 अदीब HN-102618 1 200.00 Hindi Books

© Delhi Public Library
Hit Counter
free hit counter